Best Orchestras in the World - Statistics

General Stats
  • This quiz has been taken 47 times
  • The average score is 4 of 10
Answer Stats
Rank Answer % Correct
1 Berlin Philharmonic
84%
6 London Symphony Orchestra
74%
3 Vienna Philharmonic
70%
5 Chicago Symphony Orchestra
65%
9 Boston Symphony Orchestra
44%
2 Royal Concertgebouw Orchestra
33%
10 Bavarian Radio Symphony Orchestra
16%
8 Dresden Staatskapelle
16%
7 Berlin Staatskapelle
14%
4 Leipzig Gewandhaus Orchestra
14%
No matching quizzes found
Score Distribution
Percent of People with Each Score
Percentile by Number Answered
Your Score History
You have not taken this quiz